000 00534nam a22001937a 4500
003 UA-OsUOA
001 9587
007 ta
008 20041115b un ||||| |||| 00| 0 ukr d
942 _cSA
040 _aUA-OsUOA
_bukr
_cUA-OsUOA
_dUA-OsUOA
245 _aПремія імені Григорія Костюка
300 _aС.2
955 _a0
041 _aukr
044 _aUA
773 0 _w0
_tЛітературна Україна
_dКиїв
_d2004
_g№44 /11листоп./
650 7 _aЛітературні премії
_2UDC
999 _c295748
_d295748